000 00447cam a22001934a 4500
005 20250605164320.0
008 250528s ||||||||||||||||||||||||d
035 _a22869
020 _a9780077074296
040 _aGR-AtMCL
_bgre
_dGR-AtMCL
_eAACR2
245 1 _aMARKETING RESEARCH
250 _a4
260 _bMcgraw Hill,
_c1992
300 _a384
700 1 _aChisnall Peter M
_91717
942 _cBK
999 _c7913
_d7913